Language Quiz

Random Language or Country Quiz

Which Language? VIII Quiz Stats

 Plays Quiz Updated Feb 16, 2018

Challenge
Share
Tweet
Embed
Score 0/15 Timer 03:00
2 Plays Today
Question Answer Wrong Answers
Poland Polish
97.5%
Russian
0.8%
Ukranian
0.3%
German
1.4%
Sweden Swedish
96%
Swiss
2.3%
Finnish
0.7%
Scandanavian
0.9%
Armenia Armenian
92.6%
Kurdish
2.3%
Russian
4.1%
Caucasian
0.3%
Czechia Czech
91.2%
German
2.2%
French
0.4%
Slovak
5.8%
Lithuania Lithuanian
87%
Latvian
2.7%
Estonian
0.5%
Russian
9.2%
Colombia Spanish
81.2%
Portuguese
3.7%
English
0.3%
Colombian
13.8%
Egypt Arabic
80.7%
Egyptian
17.1%
African
0.4%
Punjabi
0.5%
Jamaica Jamaican Creole
80.1%
French
9.8%
Spanish
6.4%
Yoruba
2.1%
Tajikistan Tajiki
80.1%
Arabic
10.9%
Uzbek
7.1%
Stani
1%
Somalia Somali
74%
Italian
0.6%
Oromo
2.7%
Swahili
20.9%
Samoa Samoan
68.6%
English
20.5%
Maori
5%
Tongan
3.8%
Cambodia Khmer
66.5%
Vietnamese
16.3%
Mandarin
8.9%
Siamese
6.4%
Tanzania Swahili
49.2%
Tanzanian
35.4%
Urdu
4.8%
Bantu
8.4%
Botswana Setswana
34.7%
Shona
10%
Sekalanga
4.8%
Swahili
47.9%
Papua New Guinea Tok Pisin
24.6%
Papau
33.9%
Guinean
29.4%
Hiri Motu
9.3%

You're not logged in!

Compare scores with friends on all Sporcle quizzes.
OR
Log In

You Might Also Like...

Show Comments

Extras

Top Quizzes Today


Score Distribution

Your Account Isn't Verified!

In order to create a playlist on Sporcle, you need to verify the email address you used during registration. Go to your Sporcle Settings to finish the process.

Report this User

Report this user for behavior that violates our Community Guidelines.

Details: